000 00305nam a22001337a 4500
008 260324b ||||| |||| 00| 0 eng d
020 _a9789951058766
041 _aShqip
080 _a821.18
100 _a25
101 _aTregime
245 _aUdhëtimi i Pikëpyetjes
_cYmer Elshani
942 _2udc
_cBK
999 _c60928
_d60928